EG healthcare (Record no. 77442)
[ view plain ]
| 000 -LEADER | |
|---|---|
| fixed length control field | 00926cab a2200205 4500 |
| 001 - CONTROL NUMBER | |
| control field | ##L134306 |
| 008 - FIXED-LENGTH DATA ELEMENTS--GENERAL INFORMATION | |
| fixed length control field | 060725n2006 000 0 eng u |
| 035 ## - SYSTEM CONTROL NUMBER | |
| System control number | (Sirsi) u134306 |
| 041 0# - LANGUAGE CODE | |
| Language code of text/sound track or separate title | eng |
| 100 1# - MAIN ENTRY--PERSONAL NAME | |
| Personal name | Jenkins, Samantha |
| 245 00 - TITLE STATEMENT | |
| Title | EG healthcare |
| 260 ## - PUBLICATION, DISTRIBUTION, ETC. | |
| Date of publication, distribution, etc. | 2006 |
| 490 #0 - SERIES STATEMENT | |
| Series statement | Estates Gazette |
| Volume/sequential designation | (0629) 22 July 2006, 95-105(8) |
| 520 ## - SUMMARY, ETC. | |
| Summary, etc. | Looks at the growth of the retirement village market, which has doubled every five years for the past 15, with some developments including on-site care homes; the nursery sector, which has risen five-fold in a decade, and what the companies in this sector look for from their property; and the boost to investment in the entire healthcare sector driven by the ageing babyboomer generation. |
| 590 ## - LOCAL NOTE (RLIN) | |
| Local note | IKA010806 |
| 690 ## - LOCAL SUBJECT ADDED ENTRY--TOPICAL TERM (OCLC, RLIN) | |
| Topical term or geographic name as entry element | PROPERTY-OTHER PROPERTY TYPES-HEALTHCARE AND WELFARE PROPERTY |
| 700 1# - ADDED ENTRY--PERSONAL NAME | |
| Personal name | Kivlehan, Noella Pio |
| 700 1# - ADDED ENTRY--PERSONAL NAME | |
| Personal name | Wehner, Piers |
| 942 ## - ADDED ENTRY ELEMENTS (KOHA) | |
| Suppress in OPAC | 0 |
| Withdrawn status | Lost status | Source of classification or shelving scheme | Damaged status | Not for loan | Home library | Current library | Shelving location | Date acquired | Total Checkouts | Full call number | Barcode | Date last seen | Copy number | Price effective from | Koha item type |
|---|---|---|---|---|---|---|---|---|---|---|---|---|---|---|---|
| Dewey Decimal Classification | London | London | Journal article | 25/07/2006 | L134306 | 134306-1001 | 06/08/2019 | 1 | 06/08/2019 | Journal article |